Rethinking international trade (Бичлэгийн дугаар. 145769)
| 000 -УДИРДЛАГА | |
|---|---|
| Удирдлага | 00850nam a22002777a 4500 |
| 003 - ХЯНАЛТЫН ТОО ТОДОРХОЙЛОГЧ | |
| Код | MN-UlNUM |
| 005 - БИЧИЛТ ХИЙСЭН ОГНОО | |
| Тухайн бичилтийг бичсэн засварласан сүүлийн огноо | 20251127124421.0 |
| 008 - ЕРӨНХИЙ МЭДЭЭЛЭЛ | |
| Ерөнхий мэдээлэл | 251127s1990 maua|b|| |||| 001 0 eng | |
| 020 ## - ISBN | |
| ISBN | 0262111489 |
| 040 ## - БИЧЛЭГ ҮҮСГЭГЧ БАЙГУУЛЛАГА | |
| Бичлэг үүсгэгч номын сангийн код | МУИС-ийн номын сан |
| 084 ## - ББК АНГИЛАЛ | |
| Нэмэлт тусгалт | Бусад |
| ББК ангилал | 65.428 |
| Зохиогчийн гурван тэмдэгт | K 85 |
| Мэдлэгийн ялгаа | 65 - Эдийн засаг |
| 100 1# - ЗОХИОГЧ | |
| Зохиогчийн нэр | Krugman, Paul R. |
| 245 10 - ҮНДСЭН ГАРЧИГ | |
| Номын нэр | Rethinking international trade |
| Оролцогчдын тухай мэдээ | Paul R. Krugman. |
| 260 ## - ГАРАЛТЫН МЭДЭЭ | |
| Хэвлэгдсэн газар | Cambridge, Mass. : |
| Хэвлэлийн газар | MIT Press, |
| Хэвлэгдсэн он | 1990. |
| 300 ## - МАТЕРИАЛЫН ТОДОРХОЙЛОЛТ | |
| хуудасны тоо | viii, 282 p. : |
| Бусад тоон мэдээлэл | ill. ; |
| Хэмжээ | 24 cm. |
| 500 ## - Тайлбар | |
| Дансны дугаар | БС 4211 |
| 546 ## - ХЭЛНИЙ ТУХАЙ МЭДЭЭ | |
| Хэл | Англи хэл дээр, |
| 653 ## - Түлхүүр үг | |
| Түлхүүр үг | international trade. |
| 653 ## - Түлхүүр үг | |
| Түлхүүр үг | competition, international. |
| 740 ## - НОМЫН ГАРЧИГ | |
| Гарчиг | Rethinking the Causes of International Trade |
| 740 ## - НОМЫН ГАРЧИГ | |
| Гарчиг | Cumulative Processes and the Role of History |
| 740 ## - НОМЫН ГАРЧИГ | |
| Гарчиг | The Technological Factor |
| 740 ## - НОМЫН ГАРЧИГ | |
| Гарчиг | Imperfect Competition and Strategic Trade Policy |
| 942 ## - ЭЛЕМЕНТИЙН ТӨРӨЛ | |
| Зүйлийн төрөл | Ном |
